Katedra politológie na FiF UK

Bibliographic Details
Main Author: Szomolányi, Soňa, 1946- (Author)
Format: Article
Language:Slovak

MARC

LEADER 00000nab a22000007a 4500
001 vtls010676294
003 SK-MaSNL
005 20260304184244.0
008 250708s2009 xo |||||||||||||||||slo|
035 |a (urnnbn)urn:nbn:sk:snk:ar-a06p4a 
035 |a (uuid)8051d0d9-8c77-401e-9849-eb526f4922be 
035 |a urn:nbn:sk:snk-ab1ae6 
040 |a SNKBUCL  |b slo  |c SNKBUCL  |e AACR2 
041 0 |a slo 
044 |a xo  |c SK 
100 1 |a Szomolányi, Soňa,  |d 1946-  |4 aut  |9 14007 
245 1 0 |a Katedra politológie na FiF UK  |c Soňa Szomolányi 
773 0 |t Studia politica Slovaca : časopis pre politické vedy, najnovšie politické dejiny a medzinárodné vzťahy  |g Roč. 2, č. 1 (2009), s. 101-105 
850 |a Slovenská národná knižnica 
852 |a Slovenská národná knižnica 
954 |a odborná, vedecká literatúra pôvodná (slovenská)  |2 lita 
958 |a article 
958 |a OND 
958 |a EUIPO 
999 |c 3037090  |d 3039020